000 00482nam a2200157Ia 4500
008 100122s9999 xx 000 0 und d
082 _b73246
_a823
100 _aकुलकर्णी जी ए
245 _aएक अरबी कहाणी
250 _a2
260 _bविश्वमोहिनी प्रकाशन
_c2007
300 _a255
630 _aएक अरबी कहाणी
730 _aएक अरबी कहाणी
942 _cBOOK
999 _c389197
_d389194